000 00496nam a2200181Ia 4500
005 20250923144740.0
008 008 250917s9999 xx 000 0 eng d
037 _aTextual
040 _aDSWL
_beng
_cDSWL
041 _aeng
_2eng
084 _qDSWL
245 0 _aPsychoanalytic study of the child
_cby International University
260 _aNew York
_bNew York International University Press
_c1954
365 _aINR
_b45
925 _g45
942 _cTEXL
999 _c1442839
_d1442839